| 000 | 00750cab a2200229 4500 | ||
|---|---|---|---|
| 001 | ABS45192 | ||
| 008 | 090401t1991 xxu||||| |||| 00| 0 eng d | ||
| 035 | _a(Sirsi) u51443 | ||
| 041 | _aeng | ||
| 100 | _aLoncaster, I. | ||
| 245 | _aSteering away from the icebergs | ||
| 260 | _c1991 | ||
| 350 | _a0 | ||
| 490 |
_aValuer (ISVA) _v60(8) October 1991, 6-7(2) |
||
| 520 | _aReviews the increasing demand for arbitration in rent reviews in the current recession with tenants trying to reduce their running costs. | ||
| 650 | _aDEMAND | ||
| 650 | _aRECESSION | ||
| 650 | _aRENT REVIEWS | ||
| 690 | _aMANAGEMENT-DISPUTE AVOIDANCE, MANAGEMENT AND RESOLUTION-DISPUTE MANAGEMENT AND RESOLUTION-ARBITRATION | ||
| 942 | _n0 | ||
| 948 | _c04/03/1997 | ||
| 999 |
_c31946 _d31946 |
||